01919njm a2200265Ia 4500001000600000003000900006005001700015008004100032040001300073040001300086041001300099100001100112100001800123100003800141245001800179250001100197260001100208260006100219300001700280300003000297500078000327505043401107511006001541650005201601G8915IT-RoPAU20220918181155.0131025s9999 xx 000 0 und d aIT-RoPAU cIT-RoPAU aITALIANO aAA.VV. eAutore musica gCodice autore musica SPICS: 12000 aLive and More a1a ed. aMILANO bMUSICA JAZZc2001 [1a Ed.:2001 - Ed. Lingua Orig.: 2001] aCOMPACT DISC c68 minuti (Testo: 0 pag.) aMusica jazz. Cd fuori commercio allegato al n. 12 2001 della rivista "Musica jazz". Con una serie di brani inediti si offre un nitido ritratto di Doctor 3, il gruppo formato nel 1998 e che costituisce la principale espressione del Piano Trio Italiano. Il Trio è formato da: Danilo Rea (p), Enzo Pietropaoli (cb) e Fabrizio Sferra (batt). Cd prodotto da Doctor 3 e Biagio Pagano per Millesuoni Srl. Sono brani compositi, ispirati da varie fonti musicali, cioè da Pat Metheny a Joni Mitchel, dai Beatles a Fabrizio De Andrè, da popolari canzoni "Latine" alla indimenticabile Les Feuilles Mortes. Registrazioni live ai festival di Vicenza e negli studi Radiorai di Roma e Start Studio Roma. Vedere la rivista "Musica jazz", con l'inserto speciale (Codici; G8913 e G8914). aLive 1 (Doctor 9, Honey Pie, 8:03) - Answerme, My Love (4:45) - Live 2 (Every Breath You Take, Doctor 4, Tell Her You Saw Me, 6:55) - Tell Her You Saw Me (2:52) - Live 3 (Your Song, Doctor 2, Tico Tico, Cam Camini, 10:03) - Bambino 8 (Both Sides Now, Forever 6, Les Feuilles Mortes, Forever 7, 12:06) - Live 4 (Doctor 7, I Will, 4:56) - Doctor 1 (10:24) - Live 5 (La canzone di Marinella, Doctor 5, Besame Mucho, Doctor 6, 6:58). aDanilo Rea, Enzo Pietropaoli, Fabrizio Sferra: Doctor 3 aJAZZ [COMPACT DISC]eCodice MATERIA SPICS: 9949